000 00776nam a2200241 a 4500
001 BRL_746
005 20190320210858.0
008 011013c1905----gw-#######---#000-0#ger-#
041 _ager
044 _agw
050 4 _aML50.S918
_b.S77 1905
100 1 _aStrauss, Richard
_d1864-1949
_924818
245 1 0 _aSalome
_bdrama in einem Aufzuge nach Oskar Wilde´s gleichnamiger Dichtung in deutsch
_cÜbersetzung von Hedwig Lachmann ; Musik von Richard Strauss
260 _aBerlin
_bAdolph Fürstner
_c1905
300 _a47 p.
_c17 cm.
500 _aAu819
600 1 4 _aSalome
_c(Figura biblica)
_vDrama
_924819
650 1 4 _aOpera
_923436
700 1 _aWilde, Oscar
_d1854-1900
_tSalome
_etr.
_924820
700 1 _aLachmann, Hedwig
_etr.
_924821
902 _aGRL
942 _2lcc
_cB
999 _c9558
_d9558